000 00684nam a2200313Ia 4500
005 20260127112856.0
008 008 260114s9999 xx 000 0 eng d
020 _a817824148X
037 _aTextbook
040 _aPSDL
040 _beng
040 _cPSDL
041 _2eng
041 _aeng
084 _aWv P6
084 _qPSDL
100 _aChatterjee, Partha
_91107757
245 4 _aThe Politics of The Governed:
245 0 _cChatterjee, Partha
260 _aDelhi
260 _bPermanent Black
260 _c2004
300 _a173p.
365 _b250
942 _cTB
942 _hWv P6
999 _c1672628
_d1672628